000 01043nac a22002531u 4500
008 090428t xxu||||| |||| 00| 0 eng d
010 _a 00029821
020 _a9780132070737
020 _a0132070731
082 0 0 _a670.427
_bGRO
100 _aGroover, Mikell P.,
_94405
245 1 0 _aAutomation, production systems and computer-integrated manufacturing /
_cMikell P. Groover.
250 _a3rd ed.
_bPearson international edition.
260 _aUpper Saddle River, NJ :
_bPrentice Hall,
_cc2008.
300 _axv, 831p. :
_bill. ;
_c26 cm.
504 _aIncludes bibliographical references and index.
650 0 _aManufacturing processes
_xAutomation.
_94406
650 0 _aProduction control.
_94407
650 0 _aCAD/CAM systems.
_94408
650 0 _aRobots, Industrial.
_94409
650 0 _aComputer integrated manufacturing systems.
_94410
942 _cBB
_k670.427GRO
_2ddc
999 _c11450
_d11450